[Event "12. Abierto Villa de Coria del Rio"]
[Site "Coria del Rio ESP"]
[Date "2006.02.14"]
[Round "7.11"]
[White "Pereira Figueroa, Manuel"]
[Black "Peña Dieguez, Manuel"]
[Result "1-0"]
[WhiteElo "2113"]
[BlackElo "2041"]
[PlyCount "103"]
[EventDate "2006.02.08"]
[EventType "swiss"]
[EventRounds "9"]
[EventCountry "ESP"]
[Source "lmi"]
[SourceDate "2006.02.16"]

1. d4 Nf6 2. c4 e6 3. Nc3 Bb4 4. a3 Bxc3+ 5. bxc3 Ne4 6. Nh3 f5 7. f3 Nf6 8. e3
O-O 9. Bd3 d5 10. O-O c6 11. Ra2 Qe8 12. Re2 Nbd7 13. Nf2 Nb6 14. c5 Nbd7 15.
e4 Qh5 16. exf5 exf5 17. Nh3 Re8 18. Nf4 Qf7 19. Bxf5 Nf8 20. Rxe8 Nxe8 21. Bc2
Bf5 22. Re1 Bxc2 23. Qxc2 Nc7 24. Nd3 Ng6 25. Ne5 Nxe5 26. Rxe5 Re8 27. Qe2
Rxe5 28. Qxe5 h6 29. a4 a6 30. Bf4 Ne6 31. Bg3 Kh7 32. h3 Kg6 33. Qb8 Kh7 34.
Kh2 Kg6 35. h4 Kh7 36. Be5 Kg6 37. Qd6 Kh7 38. Kg1 Kg8 39. Kf2 Kh7 40. g4 Nf8
41. Kg3 Ne6 42. f4 g6 43. Qb8 Nf8 44. Qd8 Kg8 45. Bd6 Kg7 46. g5 hxg5 47. Qxf8+
Qxf8 48. Bxf8+ Kxf8 49. fxg5 a5 50. Kg4 Kg7 51. h5 gxh5+ 52. Kxh5 1-0

[Event "12. Abierto Villa de Coria del Rio"]
[Site "Coria del Rio ESP"]
[Date "2006.02.14"]
[Round "7.12"]
[White "Lobato Soriano, Miguel Angel"]
[Black "Del Campo Gomez, Jose L"]
[Result "0-1"]
[WhiteElo "2034"]
[BlackElo "2103"]
[PlyCount "52"]
[EventDate "2006.02.08"]
[EventType "swiss"]
[EventRounds "9"]
[EventCountry "ESP"]
[Source "lmi"]
[SourceDate "2006.02.16"]

1. e4 c5 2. Nf3 Nc6 3. d4 cxd4 4. Nxd4 Nf6 5. Nc3 e5 6. Nb3 Bb4 7. Bd3 d5 8.
exd5 Nxd5 9. Bd2 Bxc3 10. bxc3 O-O 11. O-O f5 12. Rb1 Kh8 13. Nc5 b6 14. Bb5
Qd6 15. Nd3 Re8 16. Re1 Bd7 17. c4 Nf6 18. f3 Rad8 19. Bc3 e4 20. fxe4 fxe4 21.
Nb4 Qc5+ 22. Kh1 Ng4 23. Qe2 Nf2+ 24. Kg1 Nh3+ 25. Kh1 Nf2+ 26. Kg1 Nd1+ 0-1